[Event "GER-ch U14 Girls"]
[Site "Willingen"]
[Date "2006.06.09"]
[Round "8"]
[White "Voss, Chantal"]
[Black "Rummer, Baerbel"]
[Result "0-1"]
[WhiteElo "1718"]
[BlackElo "1312"]
[PlyCount "100"]
[EventDate "2006.06.03"]
[EventType "swiss"]
[EventRounds "9"]
[EventCountry "GER"]
[SourceTitle "EXT 2007"]
[Source "ChessBase"]
[SourceDate "2006.11.23"]
[SourceVersion "1"]
[SourceVersionDate "2006.11.23"]
[SourceQuality "1"]

1. d4 Nf6 2. c4 e6 3. Nc3 Bb4 4. a3 Bxc3+ 5. bxc3 c5 6. e3 Qa5 7. Qc2 Nc6 8. Nf3 d6 9. Bd3 Ne7 10. 0-0 Ng6 11. Bb2 Qc7 12. Rae1 0-0 13. Ng5 Bd7 14. Ne4 Nxe4 15. Bxe4 f5 16. Bd3 Bc6 17. f3 Rf6 18. d5 Bd7 19. f4 Raf8 20. g3 exd5 21. cxd5 c4 22. Be2 Qc5 23. Bf3 Re8 24. Qd2 Ne7 25. Kg2 Nc8 26. h3 h6 27. g4 fxg4 28. hxg4 Rg6 29. Qc2 Ne7 30. f5 Bxf5 31. e4 Bxg4 32. Bxg4 Rxg4+ 33. Kh2 Qc8 34. Qf2 Ng6 35. Re3 Rexe4 36. Rf3 Rh4+ 37. Kg2 Reg4+ 38. Rg3 Rxg3+ 39. Qxg3 Rg4 40. Bc1 Rxg3+ 41. Kxg3 Qc5 42. Rd1 Ne7 43. Kf3 Nxd5 44. Bd2 Qxa3 45. Rg1 Kf7 46. Rf1 Nxc3 47. Kg4+ Kg6 48. Kh4 Ne4 49. Rg1+ Kh7 50. Rg4 g5+ 0-1

[Event "GER-ch U14 Girls"]
[Site "Willingen"]
[Date "2006.06.07"]
[Round "7"]
[White "Micklich, Rahel"]
[Black "Rummer, Baerbel"]
[Result "1/2-1/2"]
[WhiteElo "1785"]
[BlackElo "1312"]
[PlyCount "60"]
[EventDate "2006.06.03"]
[EventType "swiss"]
[EventRounds "9"]
[EventCountry "GER"]
[SourceTitle "EXT 2007"]
[Source "ChessBase"]
[SourceDate "2006.11.23"]
[SourceVersion "1"]
[SourceVersionDate "2006.11.23"]
[SourceQuality "1"]

1. d4 Nf6 2. c4 e6 3. Nc3 Bb4 4. Qc2 c5 5. dxc5 Qa5 6. Bd2 Qxc5 7. e3 Nc6 8. Nf3 Ne7 9. Bd3 d5 10. cxd5 Nexd5 11. Rc1 0-0 12. 0-0 Qd6 13. Nb5 Qe7 14. e4 Bxd2 15. Qxd2 Nb6 16. Rc7 Qd8 17. Rfc1 a6 18. Na3 Ne8 19. R7c3 Bd7 20. Bb1 Nf6 21. Qc2 g6 22. Qd2 Bc6 23. Qf4 Re8 24. Ne5 Rc8 25. g4 Rf8 26. Re1 Nbd5 27. exd5 Nxd5 28. Qg3 Nxc3 29. Qxc3 Bd5 30. Qe3 Qc7 1/2-1/2

[Event "GER-ch U14 Girls"]
[Site "Willingen"]
[Date "2006.06.06"]
[Round "6"]
[White "Rummer, Baerbel"]
[Black "Kohm, Vanessa"]
[Result "0-1"]
[WhiteElo "1312"]
[BlackElo "1562"]
[PlyCount "88"]
[EventDate "2006.06.03"]
[EventType "swiss"]
[EventRounds "9"]
[EventCountry "GER"]
[SourceTitle "EXT 2007"]
[Source "ChessBase"]
[SourceDate "2006.11.23"]
[SourceVersion "1"]
[SourceVersionDate "2006.11.23"]
[SourceQuality "1"]

1. e4 c5 2. Nc3 Nc6 3. g3 e6 4. Bg2 g6 5. d3 Bg7 6. f4 d6 7. Nf3 Nge7 8. Be3 Nd4 9. 0-0 0-0 10. Rb1 Rb8 11. Ne2 Nec6 12. c3 Nxf3+ 13. Rxf3 Qa5 14. Ra1 b6 15. Qb3 Bb7 16. Raf1 Qa6 17. Nc1 Ba8 18. g4 Na5 19. Qc2 f5 20. Rg3 Qc8 21. Bf3 Nc6 22. Qb3 Kh8 23. gxf5 exf5 24. Ne2 Qd7 25. Rf2 Rbe8 26. Rgg2 Na5 27. Qc2 Qe6 28. Ng3 Qxa2 29. Qc1 Qe6 30. Qc2 Nc6 31. Bd2 Ne7 32. Re2 Qd7 33. Rgf2 a5 34. Qb3 b5 35. Qc2 a4 36. Bc1 Bb7 37. b3 Ra8 38. bxa4 bxa4 39. c4 Nc6 40. Ba3 Nd4 41. Qa2 Nxe2+ 42. Bxe2 Qe7 43. Qb1 Bc6 44. Bd1 Bd4 0-1

[Event "GER-ch U14 Girls"]
[Site "Willingen"]
[Date "2006.06.06"]
[Round "5"]
[White "Wisheckel, Lena"]
[Black "Rummer, Baerbel"]
[Result "1/2-1/2"]
[WhiteElo "1545"]
[BlackElo "1312"]
[PlyCount "21"]
[EventDate "2006.06.03"]
[EventType "swiss"]
[EventRounds "9"]
[EventCountry "GER"]
[SourceTitle "EXT 2007"]
[Source "ChessBase"]
[SourceDate "2006.11.23"]
[SourceVersion "1"]
[SourceVersionDate "2006.11.23"]
[SourceQuality "1"]

1. e4 e5 2. Nf3 Nc6 3. Bc4 Bc5 4. 0-0 Nf6 5. d3 h6 6. Be3 Bb6 7. c3 d5 8. Bb5 Qd6 9. Nbd2 0-0 10. Bxc6 bxc6 11. exd5 1/2-1/2

[Event "GER-ch U14 Girls"]
[Site "Willingen"]
[Date "2006.06.05"]
[Round "4"]
[White "Rummer, Baerbel"]
[Black "Schoebel, Ulrike"]
[Result "1-0"]
[WhiteElo "1312"]
[BlackElo "1064"]
[PlyCount "49"]
[EventDate "2006.06.03"]
[EventType "swiss"]
[EventRounds "9"]
[EventCountry "GER"]
[SourceTitle "EXT 2007"]
[Source "ChessBase"]
[SourceDate "2006.11.23"]
[SourceVersion "1"]
[SourceVersionDate "2006.11.23"]
[SourceQuality "1"]

1. e4 e5 2. Bc4 Nc6 3. c3 Nf6 4. d3 Be7 5. Nf3 0-0 6. Nbd2 d5 7. exd5 Nxd5 8. 0-0 a6 9. Bb3 Bf5 10. Re1 Bf6 11. Ne4 Nf4 12. Bxf4 exf4 13. Qd2 Bxe4 14. Rxe4 g5 15. h4 h6 16. g3 fxg3 17. fxg3 Re8 18. Rxe8+ Qxe8 19. hxg5 hxg5 20. Nxg5 Qe5 21. Ne4 Rd8 22. Qf2 Kg7 23. Rf1 Be7 24. Qxf7+ Kh8 25. Rf5 1-0

[Event "GER-ch U14 Girls"]
[Site "Willingen"]
[Date "2006.06.04"]
[Round "1"]
[White "Rummer, Baerbel"]
[Black "Mertens, Pauline"]
[Result "0-1"]
[WhiteElo "1312"]
[BlackElo "1658"]
[PlyCount "40"]
[EventDate "2006.06.03"]
[EventType "swiss"]
[EventRounds "9"]
[EventCountry "GER"]
[SourceTitle "EXT 2007"]
[Source "ChessBase"]
[SourceDate "2006.11.23"]
[SourceVersion "1"]
[SourceVersionDate "2006.11.23"]
[SourceQuality "1"]

1. e4 c5 2. Nc3 e6 3. g3 Nc6 4. Bg2 g6 5. d3 Bg7 6. f4 Nh6 7. Nf3 0-0 8. 0-0 f5 9. Be3 Ng4 10. Bd2 e5 11. h3 Nf6 12. Nh4 fxe4 13. dxe4 Nh5 14. Qe1 Nd4 15. Rc1 b5 16. Ne2 Nxe2+ 17. Qxe2 Nxg3 18. Qf2 Nxf1 19. Rxf1 exf4 20. b3 Bd4 0-1

[Event "GER-ch U14 Girls"]
[Site "Willingen"]
[Date "2006.06.04"]
[Round "3"]
[White "Sonnhalter, Stella"]
[Black "Rummer, Baerbel"]
[Result "1/2-1/2"]
[WhiteElo "1511"]
[BlackElo "1312"]
[PlyCount "32"]
[EventDate "2006.06.03"]
[EventType "swiss"]
[EventRounds "9"]
[EventCountry "GER"]
[SourceTitle "EXT 2007"]
[Source "ChessBase"]
[SourceDate "2006.11.23"]
[SourceVersion "1"]
[SourceVersionDate "2006.11.23"]
[SourceQuality "1"]

1. e4 e5 2. Nf3 Nc6 3. Bc4 Bc5 4. c3 Nf6 5. d3 a5 6. Nbd2 d6 7. Nf1 Bg4 8. h3 Bh5 9. g4 Bg6 10. Ng3 h6 11. Nf5 Bxf5 12. gxf5 Qd7 13. a3 Rg8 14. 0-0 Bb6 15. Bd2 Nd8 16. Bb3 h5 1/2-1/2

[Event "GER-ch U12"]
[Site "Willingen"]
[Date "2004.05.31"]
[Round "4"]
[White "Rummer, Baerbel"]
[Black "Duerre, Gregor"]
[Result "1/2-1/2"]
[WhiteElo "1054"]
[BlackElo "1370"]
[PlyCount "84"]
[EventDate "2004.06.??"]
[EventType "swiss"]
[EventRounds "11"]
[EventCountry "GER"]
[SourceTitle "EXT 2005"]
[Source "ChessBase"]
[SourceDate "2004.11.15"]
[SourceVersion "1"]
[SourceVersionDate "2004.11.15"]
[SourceQuality "1"]

1. e4 c5 2. Nf3 Nc6 3. Bb5 d6 4. Bxc6+ bxc6 5. Nc3 Bg4 6. d3 g6 7. h3 Bxf3 8. Qxf3 Bg7 9. 0-0 Nf6 10. Be3 0-0 11. Rfe1 Nd7 12. Qd1 Qb6 13. Rb1 e6 14. Na4 Qc7 15. c4 Rab8 16. Re2 f5 17. exf5 exf5 18. Bf4 Ne5 19. Qc2 Rfe8 20. Rbe1 Re7 21. b3 Rbe8 22. Re3 Qa5 23. Bg5 Re6 24. Nc3 h6 25. Bf4 g5 26. Bxe5 Bxe5 27. Nd1 Kf7 28. g3 R6e7 29. Kg2 Qd8 30. Qd2 Qb8 31. R1e2 Kg6 32. f4 Bf6 33. Rxe7 Rxe7 34. Rxe7 Bxe7 35. fxg5 Bxg5 36. Qe2 Qd8 37. Qe6+ Qf6 38. Qe8+ Qf7 39. Qxc6 Qe7 40. Nc3 Bd2 41. Nd5 Qe2+ 42. Kh1 Qf1+ 1/2-1/2